[Event "FRA-chT2O 0203"]
[Site "France"]
[Date "2002.12.08"]
[Round "4.2"]
[White "Le Mouel, Eric"]
[Black "Hisler, Thomas"]
[Result "0-1"]
[WhiteElo "1600"]
[BlackElo "2247"]
[PlyCount "92"]
[EventDate "2002.10.??"]
[EventType "team"]
[EventRounds "11"]
[EventCountry "FRA"]
[SourceTitle "EXT 2004"]
[Source "ChessBase"]
[SourceDate "2003.11.25"]
[SourceVersion "1"]
[SourceVersionDate "2003.11.25"]
[SourceQuality "1"]
[WhiteTeam "Metz Fischer"]
[BlackTeam "Metz Fischer II"]
[WhiteTeamCountry "FRA"]
[BlackTeamCountry "FRA"]

1. e4 e5 2. Nf3 Nc6 3. Bb5 a6 4. Ba4 Nf6 5. 0-0 b5 6. Bb3 Bb7 7. c3 Nxe4 8. d4 exd4 9. Re1 Na5 10. Qxd4 d5 11. Bc2 Nc6 12. Qe3 Be7 13. Nbd2 Nxd2 14. Bxd2 0-0 15. Ne5 Nxe5 16. Qxe5 Bf6 17. Qh5 g6 18. Qf3 Bg7 19. Re2 Qd7 20. Rae1 Rfe8 21. h4 h5 22. Bg5 Rxe2 23. Rxe2 Re8 24. Kf1 c5 25. Rxe8+ Qxe8 26. g4 hxg4 27. Qxg4 d4 28. h5 dxc3 29. hxg6 fxg6 30. bxc3 Bxc3 31. Be3 Kg7 32. Qf4 Qc6 33. Qh6+ Kf7 34. Qh7+ Bg7 35. Bxc5 Qxc5 36. Qxg6+ Kf8 37. Qf5+ Qxf5 38. Bxf5 Bd5 39. Bb1 Bf3 40. Bd3 Bd5 41. Bb1 Bf3 42. Bd3 Ke7 43. Ke1 Bc3+ 44. Kf1 Kd6 45. Be2 Bd5 46. a3 Bb2 0-1